Missing Word: Music & Movies (S) Quiz Stats

 Plays Quiz Updated Dec 5, 2016

Support Sporcle.
Go Orange.
Score 0/26 Timer 03:00
0 Plays Today
Title 'S' Word % Correct
____ the Last Dance For MeSave
97.6%
Don't ____ Believin'Stop
96.6%
Should I ____ or Should I GoStay
96.5%
Eyes Wide ____Shut
92.6%
____ White and the HuntsmanSnow
91.8%
____ Like it HotSome
90.5%
Little ____ of HorrorsShop
87.4%
Video Killed the Radio ____Star
86.6%
You ____ Me Round (Like a Record)Spin
86.6%
The Real ____ ShadySlim
84.9%
Star Wars: Revenge of the ____Sith
82.6%
Everyone ____ I Love YouSays
82.2%
Super ____ MeSize
81.7%
Title 'S' Word % Correct
Best in ____Show
80.5%
The Man Who ___ Liberty ValanceShot
78.1%
Annie's ____Song
73.9%
____ in the ClownsSend
73.4%
Black ____Swan
71%
Duck ____Soup
70.7%
____ O' the TimesSign
70.6%
____ Sliding AwaySlip
70.2%
____ BrothersStep
60.9%
Circle in the ____ Sand
54.3%
____ and LoversSons
54%
____ TissueScar
53.2%
The Man Who ____ the WorldSold
40.4%

Today's Daily Dose

You're not logged in!

Compare scores with friends on all Sporcle quizzes.
OR
Log In

From the Vault

-bin Definitions

by NO_r_WAY

If you don't do well, just toss your score in the bin.
Remove Ads.
Support Sporcle.
Get the best of Sporcle when you Go Orange. This ad-free experience offers more features, more stats, and more fun while also helping to support Sporcle. Thank you for becoming a member.

Show Comments

Extras

Top Quizzes Today


Score Distribution

Your Account Isn't Verified!

In order to create a playlist on Sporcle, you need to verify the email address you used during registration. Go to your Sporcle Settings to finish the process.

Report this User

Report this user for behavior that violates our Community Guidelines.

Details: